How Many Countries Border? #1 - Statistics

General Stats
  • This quiz has been taken 28 times
  • The average score is 9 of 20
Answer Stats
Hint Answer % Correct
Benin 4
80%
Guatemala 4
72%
Latvia 4
68%
Switzerland 5
56%
Tajikistan 4
48%
Pakistan 4
48%
Senegal 5
44%
Laos 5
44%
Saudi Arabia 7
44%
Mauritania 4
40%
Croatia 5
40%
Bolivia 5
40%
Burkina Faso 6
40%
Myanmar 5
36%
Mozambique 6
36%
Syria 4
32%
Colombia 5
32%
South Sudan 6
32%
Poland 7
32%
Ukraine 7
28%
No matching quizzes found
Score Distribution
Percent of People with Each Score
Percentile by Number Answered
Your Score History
You have not taken this quiz